• 首页
  • 本馆介绍
  • 公告通知
  • 最新文献
  • 馆藏检索
  • 电子资源
  • 读者导购
  • 参考咨询
  • 我的图书馆
  • 登录
  • 详细信息显示
  • 放入我的书架
  • 预约/预借图书
  • 作者相关作品
  • 分类相关作品
  • 丛书相关作品
  • 出版社相关作品

书目信息

  • 表格格式
  • 工作单格式
  • 卡片格式
题名:
军事会议·条约·协定
    
 
作者: ;苏联军事百科全书中译本编辑组 编
分册: 上  
出版信息: 北京   知识出版社  1980
页数: 151页
开本: 21cm
丛书名:
单 册:
中图分类: E16
科图分类:
主题词: 军事--会议--世界 , 军事协定 , 军事条约
电子资源:
ISBN:
000 00715nam0 2200241 45
001 0180007854
005 20060731084909.51
010    @dCNY0.65
100    @a19950523d1980 em y0chiy0121 ea
101 0  @achi
102    @aCN@b110000
105    @ay s 100yy
200 10 @a军事会议·条约·协定@h上@Ajun shi hui yi tiao yue xie ding@f《苏联军事百科全书》中译本编辑组编
210    @a北京@c知识出版社@d1980
215    @a151页@d21cm
606    @a军事@x会议@y世界
606    @a军事协定
606    @a军事条约
690    @aE16@v3
711 02 @a苏联军事百科全书中译本编辑组@Asu lian jun shi bai ke quan shu zhong yi ben bian ji zu@4编
801  2 @aCN@bNLC@c20060731
801  0 @aCN@bTSSF
905    @a10447@dE16@e21:1
    
    军事会议·条约·协定.上/《苏联军事百科全书》中译本编辑组编.-北京:知识出版社,1980
    151页;21cm
    
    
    ISBN :CNY0.65
    
●
相关链接 在E读中查询图书 在五车中查询图书 在当当中查询图书 在豆瓣中查询图书


正题名:军事会议·条约·协定     索取号:E16/21:1         预约/预借

序号 登录号 条形码 馆藏地/架位号 状态 备注
1 0440699   204406990   密集书库/ [索取号:E16/21:1] 在馆    
唐山师范学院图书馆 欢迎您!
大连网信软件有限公司© 版权所有